[Event "Mondariz op 8th"]
[Site "Mondariz"]
[Date "2011.04.20"]
[Round "5"]
[White "Olivera Gutierrez, Albert"]
[Black "Perez Dominguez, David"]
[Result "1-0"]
[WhiteElo "2073"]
[BlackElo "1791"]
[PlyCount "85"]
[EventDate "2011.04.16"]
[EventType "swiss"]
[EventRounds "8"]
[EventCountry "ESP"]
[SourceTitle "EXT 2012"]
[Source "ChessBase"]
[SourceDate "2011.11.24"]
[SourceVersion "1"]
[SourceVersionDate "2011.11.24"]
[SourceQuality "1"]

1. e4 c5 2. Nf3 d6 3. d4 cxd4 4. Nxd4 Nf6 5. Nc3 a6 6. Qf3 e6 7. g4 Qb6 8. Nb3 Nc6 9. Be3 Qc7 10. g5 Nd7 11. Qh3 g6 12. Nd4 Nb6 13. Qg3 Bd7 14. f4 Na5 15. 0-0-0 Nbc4 16. f5 Qb6 17. Bxc4 Nxc4 18. b3 Qb4 19. Nb1 Nxe3 20. Qxe3 e5 21. Ne2 0-0-0 22. Nec3 Bc6 23. f6 Qc5 24. Qh3+ Kb8 25. Nd5 Bxd5 26. Rxd5 Qb4 27. Qe3 Kc7 28. Rd3 Kb8 29. Rd5 Kc7 30. Rhd1 h6 31. R1d3 b5 32. Qa7+ Kc6 33. Rc3+ Qxc3 34. Qxa6+ Kd7 35. Nxc3 hxg5 36. Rxb5 Ke6 37. Nd5 Rxh2 38. Qb6 Rc8 39. c4 g4 40. Qg1 Bh6+ 41. Kb1 Rh4 42. Rb7 Bf8 43. Qg3 1-0

[Event "Mondariz op 8th"]
[Site "Mondariz"]
[Date "2011.04.17"]
[Round "2"]
[White "Montanes Arribas, Adrian"]
[Black "Perez Dominguez, David"]
[Result "1-0"]
[WhiteElo "2160"]
[BlackElo "1791"]
[PlyCount "57"]
[EventDate "2011.04.16"]
[EventType "swiss"]
[EventRounds "8"]
[EventCountry "ESP"]
[SourceTitle "EXT 2012"]
[Source "ChessBase"]
[SourceDate "2011.11.24"]
[SourceVersion "1"]
[SourceVersionDate "2011.11.24"]
[SourceQuality "1"]

1. e4 c5 2. Nf3 d6 3. d4 cxd4 4. Nxd4 Nf6 5. Nc3 a6 6. Be3 e5 7. Nf3 Be7 8. Bc4 0-0 9. 0-0 Nc6 10. Re1 Be6 11. Nd5 Bxd5 12. exd5 Na5 13. Bf1 Rc8 14. b3 Ng4 15. Bc1 f5 16. h3 Nh6 17. Bxh6 gxh6 18. c4 b6 19. Rc1 Nb7 20. b4 Qd7 21. a3 Kh8 22. Qe2 Bf6 23. Qe3 f4 24. Qxb6 Rg8 25. c5 Qxh3 26. Qxb7 Qxf3 27. Qxc8 Qxa3 28. Qf5 Bh4 29. Bd3 1-0

[Event "Gallego-ch U18"]
[Site "Pontedeume A Coruna"]
[Date "2010.02.16"]
[Round "7.5"]
[White "Perez Dominguez, David"]
[Black "Cruz Guerra, Samuel"]
[Result "1-0"]
[WhiteElo "1733"]
[BlackElo "1808"]
[PlyCount "73"]
[EventDate "2010.02.13"]
[EventType "swiss"]
[EventRounds "8"]
[EventCountry "ESP"]
[SourceTitle "EXT 2024"]
[Source "ChessBase"]
[SourceDate "2023.10.10"]
[SourceVersion "1"]
[SourceVersionDate "2023.10.10"]
[SourceQuality "1"]

1. e4 Nc6 2. d4 d5 3. e5 Bf5 4. Nf3 Qd7 5. c3 h5 6. Bf4 0-0-0 7. Nbd2 f6 8. h4 Nh6 9. Nb3 e6 10. a4 Ng4 11. Bb5 a6 12. Bd3 Bxd3 13. Qxd3 Be7 14. a5 Rdg8 15. Qe2 Kb8 16. Bg3 Nd8 17. Nbd2 Nf7 18. b4 f5 19. Nb3 g5 20. hxg5 Nxg5 21. Nxg5 Bxg5 22. Nc5 Qe8 23. b5 axb5 24. a6 b6 25. a7+ Ka8 26. Na6 Qd7 27. Qa2 c6 28. Nb8 Qb7 29. Ke2 h4 30. Bh2 Nxh2 31. Rxh2 Bf4 32. Rh3 Rxg2 33. Qa3 Bg3 34. Qd6 Rxf2+ 35. Kd3 f4 36. Nd7 Rd8 37. Qb8+ 1-0